Salatut elämät kuvavisa - Statistics

Yleistilastot
  • Tätä visaa on pelattu 331 kertaa
  • Keskiarvotulos 67 / 121
Vastaustilastot
Kuvavisa Vastaus % Oikein
Aaro Vaalanne
93%
Miia Laitela
88%
Ismo Laitela
84%
Ulla Taalasmaa
83%
Aki Nikkinen
82%
Kalle Laitela
82%
Kari Taalasmaa
81%
Lasse Sievinen
81%
Seppo Taalasmaa
81%
Sergei Kuula
81%
Severi Sievinen
81%
Tale Taalasmaa
81%
Paula Sievinen
78%
Dahlia Mustavaara
77%
Saku Salin
77%
Sampo Kaukovaara
77%
Elina Taalasmaa
76%
Helena Kuula
76%
Noel Axelsson
76%
Camilla Mustavaara
75%
Joonatan Sievinen
75%
Gunnar Mustavaara
73%
Nella Tamminen
73%
Salla Taalasmaa
73%
Benjamin Taalasmaa
72%
Magnus Mustavaara
72%
Monica Mustavaara
72%
Ossi Puolakka
72%
Peppi Puolakka
72%
Sanni Pohjonen
72%
Alissa Nikkinen
71%
Eva Tamminen
70%
Jiri Viitamäki
70%
Hanna Salin
69%
Cindy Rintala
68%
Annika Sievinen
67%
Isabella Holm
67%
Linda Eerikäinen
67%
Marianna Kurki
66%
Heli Sievinen
65%
Tukku Taalasmaa
65%
Janne Haukkala
64%
Maarit Salin
63%
Sebastian Vuorela
63%
Jenni Vainio
62%
Jukka Salin
62%
Laura Kiviranta
62%
Aino Forss
61%
Hanne Laitela
61%
Jutta Korhonen
61%
Ilja Taalasmaa
60%
Joanna Lumijoki
60%
Miki Kajander
60%
Aleksi Salin
59%
Sabrina Mustavaara
58%
Markus Ekholm
57%
Sofia Salin
57%
Henrik Ekholm
55%
Panu Kaukovaara
55%
Daniela Axelsson
54%
Katja Vainio
54%
Katri Sievinen
54%
Miro Holm
54%
Oliver Vuorela
54%
Oona Kiviranta
54%
Nadja Tamminen
53%
Pupu
53%
Lari Väänänen
52%
Niko Vainio
52%
Katariina Mäkelä
51%
Matias Kajander
51%
Mira Angervuo
51%
Viola Angervuo
51%
Heidi Aaltonen
50%
Iida Mustonen
49%
Laila Kajander
49%
Ressu Mattila
49%
Jere Sievinen
48%
Kristiina Pohjonen
48%
Erika Ekholm
47%
Kristian Harju
47%
Matleena Rintala
47%
Pietari Haukkala
47%
Susu Honkanen
47%
Antti Polvijärvi
46%
Sauli Kiviranta
46%
Heikki Pohjonen
45%
Taiga Kuula
45%
Romeo Aro
44%
Aamu Korhonen
43%
Anton Helenius
42%
Elias Vikstedt
42%
Iiris Kaukovaara
42%
Toni Veijalainen
41%
Liisa Salo
40%
Miika Mäkelä
40%
Noora Autio
40%
Tanja Jääskeläinen
39%
Ami Vainio
37%
Mirja Mattila
36%
Juulia Autio
35%
Marika Honkanen
35%
Riku Jääskeläinen
35%
Tuukka Aaltonen
35%
Jarkko Peltonen
33%
Tiina Rajala
33%
Tuomo Tervajoki
33%
Anni Vatanen
32%
Karin Ekholm
32%
Lola Vinberg
32%
Rafael Aro
32%
Anniina Aalto
31%
Olli Oksa
30%
Anna Ihalainen
27%
Armi Viitamäki
26%
Ilo Angervuo
26%
Venla Salo
23%
Lauri Rossi
17%
Vertti Seppänen
16%
Samuli Palokoski
13%
Victoria Saari
13%
Ehtoja vastaavia visoja ei löytynyt
Tulosjakauma
Jokaisen tuloksen saaneiden osuus
Persentiili vastausten määrän mukaan
Tuloshistoriasi
Et ole pelannut tätä visaa